5 Geschmacksrichtungen - Statistiken

Allgemein
  • Dieses Quiz wurde 496 mal gespielt
  • Das Durchschnittsergebnis liegt bei 4 aus 5
Antwortstatistiken
Geschmack % Korrekt
Süß
99%
Sauer
94%
Bitter
87%
Salzig
87%
Umami
54%
Keine übereinstimmenden Quizze gefunden
Verteilung der Resultate
Anzahl Personen mit jedem Resultat
Perzentil nach korrekt beantworteten Fragen
Ihre Resultats-Entwicklung
Sie haben dieses Quiz noch nicht gespielt